<?xml version="1.0" encoding="UTF-8"?>
<record
    xmlns:xsi="http://www.w3.org/2001/XMLSchema-instance"
    xsi:schemaLocation="http://www.loc.gov/MARC21/slim http://www.loc.gov/standards/marcxml/schema/MARC21slim.xsd"
    xmlns="http://www.loc.gov/MARC21/slim">

  <leader>00835nam a22002293i 4500</leader>
  <controlfield tag="001"> 80441</controlfield>
  <controlfield tag="003">BD-RjUL</controlfield>
  <controlfield tag="005">20220927102911.0</controlfield>
  <controlfield tag="008">220720s19711968ii            ||| | urd d</controlfield>
  <datafield tag="035" ind1=" " ind2=" ">
    <subfield code="a">(BD-RjUL) 80441</subfield>
  </datafield>
  <datafield tag="040" ind1=" " ind2=" ">
    <subfield code="a">UkOxU</subfield>
    <subfield code="b">eng</subfield>
    <subfield code="e">rda</subfield>
    <subfield code="c">UkOxU</subfield>
  </datafield>
  <datafield tag="041" ind1=" " ind2=" ">
    <subfield code="a">urd</subfield>
  </datafield>
  <datafield tag="082" ind1=" " ind2=" ">
    <subfield code="2">23</subfield>
    <subfield code="a">891.43913</subfield>
    <subfield code="b">KHG 1971</subfield>
  </datafield>
  <datafield tag="100" ind1=" " ind2=" ">
    <subfield code="a">&#x62E;&#x627;&#x6BA;,  .&#x64A;&#x648;&#x633;&#x641; &#x62D;&#x633;&#x64A;&#x646; # #  Khan, Yusuf Hussain</subfield>
    <subfield code="9">5023</subfield>
  </datafield>
  <datafield tag="245" ind1="0" ind2="0">
    <subfield code="a">&#x63A;&#x627;&#x644;&#x628; &#x627;&#x648;&#x631; &#x622;&#x6C1;&#x646;&#x6AF; &#x63A;&#x627;&#x644;&#x628; /    # # G&#x332;&#x1E96;&#x101;lib aur &#x101;hang-i G&#x332;&#x1E96;&#x101;lib /</subfield>
    <subfield code="c">&#x64A;&#x648;&#x633;&#x641; &#x62D;&#x633;&#x64A;&#x646; &#x62E;&#x627;&#x6BA;. # # Y&#x16B;suf &#x1E24;usain &#x1E34;&#x1E96;&#x101;&#x1E49;.</subfield>
  </datafield>
  <datafield tag="250" ind1=" " ind2=" ">
    <subfield code="a">2nd. ed.</subfield>
  </datafield>
  <datafield tag="264" ind1=" " ind2="1">
    <subfield code="a">&#x646;&#x626;&#x6CC; &#x62F;&#x6C1;&#x644;&#x6CC; :    Na&#x2BC;&#x12B; Dihl&#x12B; :</subfield>
    <subfield code="b">&#x63A;&#x627;&#x644;&#x628; &#x627;&#x6A9;&#x64A;&#x688;&#x645;&#x6CC;&#x60C;     G&#x332;&#x1E96;&#x101;lib Akai&#x1E0D;im&#x12B;,</subfield>
    <subfield code="c">1968.</subfield>
  </datafield>
  <datafield tag="300" ind1=" " ind2=" ">
    <subfield code="a">447 pages ;</subfield>
    <subfield code="c">23 cm</subfield>
  </datafield>
  <datafield tag="600" ind1=" " ind2=" ">
    <subfield code="a">Ghalib, Mirza Asadullah Khan, </subfield>
    <subfield code="d">1797-1869 </subfield>
    <subfield code="9">3817</subfield>
  </datafield>
  <datafield tag="650" ind1=" " ind2=" ">
    <subfield code="v">Urdu Literature</subfield>
  </datafield>
  <datafield tag="942" ind1=" " ind2=" ">
    <subfield code="2">ddc</subfield>
    <subfield code="c">BK</subfield>
  </datafield>
  <datafield tag="999" ind1=" " ind2=" ">
    <subfield code="c">80441</subfield>
    <subfield code="d">80441</subfield>
  </datafield>
  <datafield tag="952" ind1=" " ind2=" ">
    <subfield code="0">0</subfield>
    <subfield code="1">0</subfield>
    <subfield code="2">ddc</subfield>
    <subfield code="4">0</subfield>
    <subfield code="7">1</subfield>
    <subfield code="8">NFIC</subfield>
    <subfield code="a">RUCL</subfield>
    <subfield code="b">RUCL</subfield>
    <subfield code="c">Reading</subfield>
    <subfield code="d">1989-08-10</subfield>
    <subfield code="e">Karim International</subfield>
    <subfield code="g">16.00</subfield>
    <subfield code="o">891.43913 KHG 1971</subfield>
    <subfield code="r">2022-09-27 00:00:00</subfield>
    <subfield code="t">C-1</subfield>
    <subfield code="y">BK</subfield>
  </datafield>
</record>
